000 01714nam a2200385 c 4500
003 BLK
005 20250705131652.0
008 180408b bul|||||r ||||||| ||bul||
010 _aKNG00055673000
020 _a978-954-529-808-0
_bиздат.: Колибри
040 _aBLK
041 _aBUL
_cBUL
072 7 _2bullib
_aН85
_xДетска художествена литература Н
080 _aАнглийска литература
_b821.111
_x-93-31
_z821.111-93-31
700 1 _aКоуел, Кресида
_eтекст
_9284018
700 1 _aКоуел, Кресида
_eил.
_9368656
700 1 _aДонева, Мария Вичева
_eпрев.
_9368657
139 _aКоуел, Кресида
_bК 87
245 1 0 _aКак да си дресираш дракон
_bОт Хълцук Кръвожадни Херингски ІІІ
_cтекст Кресида Коуел; ил. Кресида Коуел; прев. Мария Вичева Донева.
257 _aGBR
260 София
_bКолибри
_c2010
_fСофия : Симолини
300 _a227 с.
_bс ил.
_c20 см
380 _aDX
500 _aОриг. загл. How to Train Your Dragon / Cressida Cowell. - Имената на авт., ил., прев. отбелязани на гърба на предзагл. с.
653 _aромани
653 _aлитература за деца
653 _aдетска литература
659 _aН
852 _aЦб 254321
856 4 _qpdf
_u
856 4 _qpdf
_u
942 _cKNG
_n0
_020
944 _aCR
_c09.01.2012
_lЦветелина Шанова
_k30531
944 _aED
_c30.12.2015
_lф /
_kЛюдмила_Стоянова
999 _c51758
_d51758